Sons of Anarchy Trivia - Statistics

General Stats
  • This quiz has been taken 2,716 times
    2,713 since last reset
  • The average score is 11 of 14
Answer Stats
Hint Answer % Correct
Son of founding member Jackson 'Jax' Teller
99%
SAMCRO first lady Gemma Teller Morrow
93%
Arthritic Co-founder of SAMCRO Clay Morrow
91%
Founder of SAMCRO John 'JT' Teller
90%
Heavy-set club member who also goes by 'Elvis' Robert 'Elvis' Munson
87%
Surgeon with close ties to SOA Tara Knowles
85%
Mo-hawk wearing, latino club member Juan Carlos 'Juice' Ortiz
84%
Gets smiley face tattoos to remember victims by Happy
83%
Irish, scar-faced club member Filip 'Chibs' Telford
80%
Club appointed hitman Alex 'Tig' Trager
79%
Wife was mistakenly assassinated by SOA club member Harry 'Opie' Winston
79%
Carries oxygen tank and rides tricycle Piermont 'Piney' Winston
70%
Suffers from cancer Wayne Unser
69%
Pornstar with close ties to SOA club member Lyla
42%
No matching quizzes found
Score Distribution
Percent of People with Each Score
Percentile by Number Answered
Your Score History
You have not taken this quiz since the last reset